Půjdu do mateřské školy /

Hlavní autor: Závada, Vilém, 1905-1982
Jazyk: Čeština
Vydáno: Praha : Albatros, 1974
Vydání: 2. vyd.
Témata:
Fyzický popis: [11] s. : barev. il. ; příč. 8°
Knihy
Uloženo v:
LEADER 00872nam a22002652a 4500
001 000733191
003 CZ BrMZK
005 20120910101932.0
007 ta
008 040908s1974 xr a ar 000 0 cze d
015 |a cnb000497108 
035 |a (OCoLC)85366416 
040 |a ABA001  |c LIA001  |d ABA001  |b cze  |d BOA001 
080 |a 087.5  |2 MRF 
100 1 |a Závada, Vilém,  |d 1905-1982  |7 jk01152210  |4 aut 
245 1 0 |a Půjdu do mateřské školy /  |c Vilém Závada ; ilustrovala Divica Landrová 
250 |a 2. vyd. 
260 |a Praha :  |b Albatros,  |c 1974 
300 |a [11] s. :  |b barev. il. ;  |c příč. 8° 
500 |a 30000 výt. 
521 8 |a Pro předškolní věk 
910 |a BOA001  |b PK-0011.369-74  |b 2-0740.284 
964 |a Školy mateřské - leporela 
990 |a BK 
996 6 |b BC-160948  |c PK-0011.369-74  |l MZK  |r Sklad / do 1 hodiny  |n 0  |w 000733191  |u 000010  |a 1  |e BOA001  |j MZK50  |s P